<?xml version="1.0" encoding="UTF-8"?>
<record
    xmlns:xsi="http://www.w3.org/2001/XMLSchema-instance"
    xsi:schemaLocation="http://www.loc.gov/MARC21/slim http://www.loc.gov/standards/marcxml/schema/MARC21slim.xsd"
    xmlns="http://www.loc.gov/MARC21/slim">

  <leader>00684nam a2200205Ia 4500</leader>
  <controlfield tag="001">881</controlfield>
  <controlfield tag="003">GE_BSU</controlfield>
  <controlfield tag="008">181216s||||||||xx |||||||||||||| ||und||</controlfield>
  <datafield tag="020" ind1=" " ind2=" ">
    <subfield code="a">5248013437</subfield>
  </datafield>
  <datafield tag="040" ind1=" " ind2=" ">
    <subfield code="c">GE_BSU</subfield>
  </datafield>
  <datafield tag="080" ind1=" " ind2=" ">
    <subfield code="a">342.7</subfield>
  </datafield>
  <datafield tag="245" ind1=" " ind2=" ">
    <subfield code="a">&#x415;&#x432;&#x440;&#x43E;&#x43F;&#x435;&#x439;&#x441;&#x43A;&#x438;&#x439; &#x441;&#x43E;&#x44E;&#x437; &#x43D;&#x430; &#x440;&#x443;&#x431;&#x435;&#x436;&#x435; &#x432;&#x435;&#x43A;&#x43E;&#x432;</subfield>
  </datafield>
  <datafield tag="245" ind1=" " ind2=" ">
    <subfield code="b">&#x418;&#x437;&#x434;-&#x435; &#x43F;&#x43E;&#x434;&#x433;&#x43E;&#x442;. &#x43F;&#x440;&#x438; &#x444;&#x438;&#x43D;&#x430;&#x43D;&#x441;&#x43E;&#x432;&#x43E;&#x439; &#x43F;&#x43E;&#x434;&#x434;&#x435;&#x440;&#x436;&#x43A;&#x435; &#x43F;&#x440;&#x435;&#x434;&#x441;&#x442;&#x430;&#x432;&#x438;&#x442;&#x435;&#x43B;&#x44C;&#x441;&#x442;&#x432;&#x430; &#x435;&#x432;&#x440;&#x43E;&#x43F;&#x435;&#x439;&#x441;&#x43A;&#x43E;&#x439; &#x43A;&#x43E;&#x43C;&#x438;&#x441;&#x441;&#x438;&#x438; &#x432; &#x420;&#x43E;&#x441;&#x441;&#x438;&#x438;. &#x420;&#x410;&#x41D; &#x418;&#x41D;&#x418;&#x41E;&#x41D;</subfield>
  </datafield>
  <datafield tag="260" ind1=" " ind2=" ">
    <subfield code="a">&#x41C;&#x43E;&#x441;&#x43A;&#x432;&#x430;</subfield>
  </datafield>
  <datafield tag="260" ind1=" " ind2=" ">
    <subfield code="c">2000</subfield>
  </datafield>
  <datafield tag="300" ind1=" " ind2=" ">
    <subfield code="a">296&#x441;&#x442;&#x440;.</subfield>
  </datafield>
  <datafield tag="541" ind1=" " ind2=" ">
    <subfield code="h">10&#x43B;.</subfield>
  </datafield>
  <datafield tag="653" ind1=" " ind2=" ">
    <subfield code="a">&#x415;&#x432;&#x440;&#x43E;&#x43F;&#x435;&#x439;&#x441;&#x43A;&#x438;&#x439; &#x441;&#x43E;&#x44E;&#x437; &#x43D;&#x430; &#x440;&#x443;&#x431;&#x435;&#x436;&#x435; &#x432;&#x435;&#x43A;&#x43E;&#x432;</subfield>
  </datafield>
  <datafield tag="942" ind1=" " ind2=" ">
    <subfield code="c">BK</subfield>
  </datafield>
  <datafield tag="999" ind1=" " ind2=" ">
    <subfield code="c">35042</subfield>
    <subfield code="d">35042</subfield>
  </datafield>
  <datafield tag="952" ind1=" " ind2=" ">
    <subfield code="0">0</subfield>
    <subfield code="1">0</subfield>
    <subfield code="4">0</subfield>
    <subfield code="7">0</subfield>
    <subfield code="9">33301</subfield>
    <subfield code="d">2018-12-17</subfield>
    <subfield code="p">858</subfield>
    <subfield code="r">2018-12-17</subfield>
    <subfield code="w">2018-12-17</subfield>
    <subfield code="y">BK</subfield>
  </datafield>
</record>
